[Event "Gibtelecom Masters 2nd"]
[Site "Gibraltar"]
[Date "2004.02.03"]
[Round "8.9"]
[White "Gallagher, Joseph G"]
[Black "Wells, Peter K"]
[Result "0-1"]
[WhiteElo "2524"]
[BlackElo "2493"]
[PlyCount "121"]
[EventDate "2004.01.27"]
[EventType "swiss"]
[EventRounds "10"]
[EventCountry "GGB"]
[SourceTitle "BritBase"]
[Source "www.saund.co.uk"]
[SourceDate "2018.02.10"]
[SourceVersion "1"]
[SourceVersionDate "2018.02.10"]
[SourceQuality "1"]

1. e4 c5 2. Nf3 Nc6 3. d4 cxd4 4. Nxd4 Nf6 5. Nc3 d6 6. Bg5 e6 7. Qd2 Be7 8.
O-O-O O-O 9. Nb3 Qb6 10. f3 Rd8 11. Nb5 Rd7 12. Qe1 a6 13. N5d4 Rd8 14. g4 e5
15. Nxc6 Qxc6 16. h4 a5 17. Kb1 Be6 18. Bd3 b5 19. Nd2 a4 20. Nf1 d5 21. Ne3 d4
22. Nf5 Qc7 23. h5 Bxf5 24. gxf5 a3 25. b3 Nd5 26. Bd2 Ne3 27. h6 g6 28. Rc1
Nc4 29. Rg1 Bh4 30. Qe2 Nxd2+ 31. Qxd2 Bf2 32. Bxb5 Be3 33. Qd3 Bxg1 34. Rxg1
Qc3 35. Qxc3 dxc3 36. Bd3 Rd6 37. Kc1 Kf8 38. Kd1 gxf5 39. exf5 Rxh6 40. Ke2
Ke7 41. b4 Rh4 42. Rb1 Rh2+ 43. Ke3 h5 44. b5 h4 45. b6 h3 46. b7 Rb8 47. Be4
Rd2 48. f4 exf4+ 49. Kxf4 h2 50. Ke5 f6+ 51. Kf4 Kd7 52. Re1 Rd4 53. Kf3 Kc7
54. Rh1 Rh8 55. Ke3 Rb4 56. Bg2 Rg4 57. Kf2 Rf4+ 58. Ke3 Rxf5 59. Rb1 Rg5 60.
Kf2 f5 61. Rh1 0-1

[Event "Gibtelecom Masters 2nd"]
[Site "Gibraltar"]
[Date "2004.02.03"]
[Round "8.10"]
[White "Davies, Nigel"]
[Black "Lalic, Bogdan"]
[Result "1/2-1/2"]
[WhiteElo "2502"]
[BlackElo "2518"]
[PlyCount "34"]
[EventDate "2004.01.27"]
[EventType "swiss"]
[EventRounds "10"]
[EventCountry "GGB"]
[SourceTitle "BritBase"]
[Source "www.saund.co.uk"]
[SourceDate "2018.02.10"]
[SourceVersion "1"]
[SourceVersionDate "2018.02.10"]
[SourceQuality "1"]

1. d4 d5 2. Nc3 e6 3. e4 Nf6 4. Bg5 dxe4 5. Nxe4 Be7 6. Bxf6 Bxf6 7. Nf3 Nd7 8.
Bc4 a6 9. Qe2 b5 10. Bd3 Bb7 11. O-O-O O-O 12. h4 Qe7 13. Neg5 g6 14. Be4 Bd5
15. Bxd5 exd5 16. Qxe7 Bxe7 17. Rhe1 Rfe8 1/2-1/2

[Event "Gibtelecom Masters 2nd"]
[Site "Gibraltar"]
[Date "2004.02.03"]
[Round "8.11"]
[White "Tissir, Mohamed"]
[Black "Inarkiev, Ernesto"]
[Result "0-1"]
[WhiteElo "2436"]
[BlackElo "2606"]
[PlyCount "72"]
[EventDate "2004.01.27"]
[EventType "swiss"]
[EventRounds "10"]
[EventCountry "GGB"]
[SourceTitle "BritBase"]
[Source "www.saund.co.uk"]
[SourceDate "2018.02.10"]
[SourceVersion "1"]
[SourceVersionDate "2018.02.10"]
[SourceQuality "1"]

1. e4 g6 2. d4 Bg7 3. Nc3 d6 4. Be3 a6 5. Nf3 Nd7 6. Bc4 e6 7. a4 b6 8. O-O Ne7
9. Qd2 h6 10. h3 Bb7 11. Rfe1 Nf6 12. Bf4 g5 13. Bg3 Ng6 14. e5 Nh5 15. d5 Nxg3
16. fxg3 O-O 17. Rad1 Kh8 18. exd6 Qxd6 19. Qf2 e5 20. g4 Qb4 21. Bb3 f5 22.
gxf5 Rxf5 23. Ne4 Nh4 24. Rd3 Nxf3+ 25. Rxf3 Rxf3 26. gxf3 Rf8 27. Kg2 Rf4 28.
Qe3 Bc8 29. Rd1 g4 30. hxg4 Bxg4 31. Nd2 Qe7 32. Rh1 Qg5 33. Kf2 e4 34. Nxe4
Qf5 35. Ke1 Bxf3 36. Ng3 Qg5 0-1

[Event "Gibtelecom Masters 2nd"]
[Site "Gibraltar"]
[Date "2004.02.03"]
[Round "8.12"]
[White "Womacka, Mathias"]
[Black "Sulskis, Sarunas"]
[Result "1/2-1/2"]
[WhiteElo "2447"]
[BlackElo "2582"]
[PlyCount "78"]
[EventDate "2004.01.27"]
[EventType "swiss"]
[EventRounds "10"]
[EventCountry "GGB"]
[SourceTitle "BritBase"]
[Source "www.saund.co.uk"]
[SourceDate "2018.02.10"]
[SourceVersion "1"]
[SourceVersionDate "2018.02.10"]
[SourceQuality "1"]

1. e4 d6 2. d4 Nf6 3. Nc3 g6 4. f4 Bg7 5. Nf3 O-O 6. Bd3 Na6 7. O-O c5 8. d5
Bg4 9. Bc4 e6 10. dxe6 Bxe6 11. Bxa6 bxa6 12. f5 gxf5 13. exf5 Bc4 14. Re1 Qd7
15. Bg5 Qxf5 16. Qxd6 Nh5 17. Qd2 Rfe8 18. Rad1 Bxc3 19. bxc3 f6 20. Bh6 Bxa2
21. Rf1 Kh8 22. Rf2 Qe4 23. Qd6 Qg6 24. Bc1 Bc4 25. Qxc5 Be2 26. Re1 Bxf3 27.
Rxe8+ Rxe8 28. Rxf3 Qxc2 29. Rf1 Rg8 30. Qd5 Qe2 31. c4 Re8 32. c5 Qe5 33. Qxe5
fxe5 34. Rf7 Kg8 35. Rxa7 Rc8 36. Be3 Nf6 37. Kf1 Ne4 38. Rxa6 Nxc5 39. Bxc5
Rxc5 1/2-1/2

[Event "Gibtelecom Masters 2nd"]
[Site "Gibraltar"]
[Date "2004.02.03"]
[Round "8.13"]
[White "Houska, Jovanka"]
[Black "Kuzmin, Alexey"]
[Result "0-1"]
[WhiteElo "2370"]
[BlackElo "2570"]
[PlyCount "88"]
[EventDate "2004.01.27"]
[EventType "swiss"]
[EventRounds "10"]
[EventCountry "GGB"]
[SourceTitle "BritBase"]
[Source "www.saund.co.uk"]
[SourceDate "2018.02.10"]
[SourceVersion "1"]
[SourceVersionDate "2018.02.10"]
[SourceQuality "1"]

1. e4 c5 2. Nc3 a6 3. g3 b5 4. Bg2 Bb7 5. d3 e6 6. f4 d5 7. Qe2 d4 8. Nd1 Nc6
9. Nf3 Nf6 10. O-O Be7 11. Nf2 O-O 12. g4 c4 13. g5 cxd3 14. cxd3 Nd7 15. Bd2
Nc5 16. Rac1 Na4 17. b3 Nc3 18. Bxc3 dxc3 19. Rxc3 Rc8 20. Qe3 Qa5 21. Rc2 Nb4
22. Rxc8 Rxc8 23. Rc1 Rxc1+ 24. Qxc1 Nxa2 25. Qa1 Qa3 26. Bf1 Nc1 27. Qd4 Qd6
28. Qb2 Qxf4 29. Kg2 Qc7 30. h4 b4 31. Nd1 Bd6 32. h5 Bf4 33. h6 gxh6 34. Qf6
h5 35. Nf2 Nxb3 36. d4 Nd2 37. Bd3 Nxf3 38. Kxf3 Bd6 39. Qh6 Bg3 40. Nh3 Qc3
41. Ke3 Be1 42. d5 e5 43. Ke2 Qd2+ 44. Kf1 Qxd3+ 0-1

[Event "Gibtelecom Masters 2nd"]
[Site "Gibraltar"]
[Date "2004.02.03"]
[Round "8.14"]
[White "Barua, Dibyendu"]
[Black "Vijayalakshmi, Subbaraman"]
[Result "1-0"]
[WhiteElo "2549"]
[BlackElo "2444"]
[PlyCount "81"]
[EventDate "2004.01.27"]
[EventType "swiss"]
[EventRounds "10"]
[EventCountry "GGB"]
[SourceTitle "BritBase"]
[Source "www.saund.co.uk"]
[SourceDate "2018.02.10"]
[SourceVersion "1"]
[SourceVersionDate "2018.02.10"]
[SourceQuality "1"]

1. e4 e5 2. Bc4 Nf6 3. d3 c6 4. Nf3 Be7 5. O-O Qc7 6. Re1 O-O 7. Bb3 d6 8. c3
Bg4 9. h3 Bh5 10. Nbd2 Nbd7 11. Nf1 Nc5 12. Bc2 Ne8 13. g4 Bg6 14. Ng3 Rd8 15.
d4 Nd7 16. Qe2 c5 17. h4 d5 18. dxe5 Nxe5 19. h5 Bxe4 20. Nxe4 dxe4 21. Qxe4
Nxf3+ 22. Qxf3 g6 23. Bf4 Bd6 24. Bh6 Be7 25. Bxf8 Bxf8 26. Rad1 Rxd1 27. Rxd1
Nd6 28. a4 Qe7 29. Bb3 c4 30. Bc2 Qg5 31. Qg3 Qe7 32. Kf1 Qd7 33. Qf3 a6 34.
Qf4 Qc6 35. Qf6 Qh1+ 36. Ke2 Qh3 37. Rd4 Qh2 38. hxg6 hxg6 39. Bxg6 fxg6 40.
Qxg6+ Kh8 41. Rd5 1-0

[Event "Gibtelecom Masters 2nd"]
[Site "Gibraltar"]
[Date "2004.02.03"]
[Round "8.15"]
[White "Del Rio de Angelis, Salvador Gabriel"]
[Black "McNab, Colin"]
[Result "1/2-1/2"]
[WhiteElo "2504"]
[BlackElo "2388"]
[PlyCount "55"]
[EventDate "2004.01.27"]
[EventType "swiss"]
[EventRounds "10"]
[EventCountry "GGB"]
[SourceTitle "BritBase"]
[Source "www.saund.co.uk"]
[SourceDate "2018.02.10"]
[SourceVersion "1"]
[SourceVersionDate "2018.02.10"]
[SourceQuality "1"]

1. e4 g6 2. d4 d6 3. Nf3 Nf6 4. Nc3 Bg7 5. Be2 c6 6. O-O Qc7 7. a4 Nbd7 8. a5
O-O 9. Qd3 Rb8 10. Qc4 b5 11. axb6 Nxb6 12. Qa2 a5 13. Bd2 a4 14. e5 dxe5 15.
dxe5 Ng4 16. Bf4 Nxe5 17. Kh1 Be6 18. Qa3 Ra8 19. Qc5 Nd5 20. Bxe5 Bxe5 21.
Nxe5 Qxe5 22. Bf3 Qd6 23. Qxd6 exd6 24. Nxa4 Nb4 25. c3 Nc2 26. Rac1 Rxa4 27.
Rxc2 c5 28. Rd2 1/2-1/2

[Event "Gibtelecom Masters 2nd"]
[Site "Gibraltar"]
[Date "2004.02.03"]
[Round "8.16"]
[White "Beshukov, Sergei"]
[Black "Muir, Andrew J"]
[Result "0-1"]
[WhiteElo "2499"]
[BlackElo "2303"]
[PlyCount "102"]
[EventDate "2004.01.27"]
[EventType "swiss"]
[EventRounds "10"]
[EventCountry "GGB"]
[SourceTitle "BritBase"]
[Source "www.saund.co.uk"]
[SourceDate "2018.02.10"]
[SourceVersion "1"]
[SourceVersionDate "2018.02.10"]
[SourceQuality "1"]

1. e4 c5 2. d3 Nc6 3. g3 g6 4. Bg2 Bg7 5. f4 d6 6. Nh3 Nf6 7. Nf2 O-O 8. O-O
Nd7 9. c3 Qc7 10. f5 b5 11. g4 a5 12. Qf3 b4 13. Qh3 Re8 14. Bh6 Bh8 15. Nd1
Ba6 16. Nd2 Rab8 17. Rc1 bxc3 18. bxc3 Nde5 19. Nf2 Rb2 20. a4 Ra2 21. fxg6
hxg6 22. Rfe1 Rxa4 23. Re3 f6 24. Qh4 e6 25. Rh3 Bg7 26. d4 cxd4 27. cxd4 Rxd4
28. Be3 Rb4 29. g5 Qe7 30. gxf6 Qxf6 31. Bg5 Qf7 32. Bf1 Bb7 33. Rcc3 Nd4 34.
Bd8 Rb2 35. Qh7+ Kf8 36. Rc7 Nd7 37. Bg5 Rc8 38. Rxd7 Qxd7 39. Bh6 Qf7 40. Qh8+
Ke7 41. Qxg7 Qxg7 42. Bxg7 Rxd2 43. Rh7 Nf3+ 44. Kh1 Ng5 45. Bf6+ Kf8 46. Bxg5
Rxf2 47. Bh3 Rcc2 48. Kg1 Rxh2 49. Bf4 Kg8 50. Rh4 Rcg2+ 51. Kf1 Ba6+ 0-1

[Event "Gibtelecom Masters 2nd"]
[Site "Gibraltar"]
[Date "2004.02.03"]
[Round "8.17"]
[White "Cramling, Pia"]
[Black "Wippermann, Till"]
[Result "1/2-1/2"]
[WhiteElo "2488"]
[BlackElo "2353"]
[PlyCount "107"]
[EventDate "2004.01.27"]
[EventType "swiss"]
[EventRounds "10"]
[EventCountry "GGB"]
[SourceTitle "BritBase"]
[Source "www.saund.co.uk"]
[SourceDate "2018.02.10"]
[SourceVersion "1"]
[SourceVersionDate "2018.02.10"]
[SourceQuality "1"]

1. d4 Nf6 2. Nf3 c5 3. d5 b5 4. Bg5 d6 5. Bxf6 exf6 6. e4 a6 7. a4 b4 8. Bd3 g6
9. Nbd2 Bg7 10. Nc4 a5 11. O-O O-O 12. Nfd2 Bb7 13. g4 f5 14. gxf5 gxf5 15. Qh5
Qf6 16. Rae1 Nd7 17. e5 Nxe5 18. Nxe5 dxe5 19. Bxf5 Qh6 20. Qxh6 Bxh6 21. Nc4
Bxd5 22. Nb6 Rad8 23. Rxe5 Bc6 24. Rxc5 Rd6 25. Nc4 Kh8 26. f3 Rf6 27. Kf2 Bxa4
28. Rxa5 Bc6 29. Re1 Bf4 30. Be4 Bd7 31. Rh5 h6 32. Ne3 Bc6 33. Rf5 Rxf5 34.
Nxf5 Bd7 35. Ne7 Bxh2 36. Rh1 Be5 37. Rxh6+ Kg7 38. Rh7+ Kf6 39. Nd5+ Ke6 40.
b3 Bd4+ 41. Ke1 f5 42. Nf4+ Kd6 43. Rh6+ Rf6 44. Rxf6+ Bxf6 45. Bd3 Ke5 46. Ne2
Bg5 47. Kf2 Bh4+ 48. Kg2 f4 49. Be4 Be1 50. Kf1 Bd2 51. Kf2 Bb5 52. Bb7 Be3+
53. Ke1 Bxe2 54. Kxe2 1/2-1/2

[Event "Gibtelecom Masters 2nd"]
[Site "Gibraltar"]
[Date "2004.02.03"]
[Round "8.20"]
[White "Osuna Vega, Enrique"]
[Black "Poluljahov, Aleks"]
[Result "0-1"]
[WhiteElo "2209"]
[BlackElo "2526"]
[PlyCount "102"]
[EventDate "2004.01.27"]
[EventType "swiss"]
[EventRounds "10"]
[EventCountry "GGB"]
[SourceTitle "BritBase"]
[Source "www.saund.co.uk"]
[SourceDate "2018.02.10"]
[SourceVersion "1"]
[SourceVersionDate "2018.02.10"]
[SourceQuality "1"]

1. e4 c5 2. Nf3 e6 3. d4 cxd4 4. Nxd4 a6 5. g3 d5 6. e5 Nc6 7. Nxc6 bxc6 8. Bg2
Qc7 9. O-O Qxe5 10. c4 Nf6 11. Re1 Qc7 12. cxd5 cxd5 13. Nc3 Be7 14. Qe2 Bb7
15. Bf4 Qa5 16. a3 O-O 17. g4 Rfe8 18. g5 Nd7 19. Qg4 Bf8 20. Rad1 Qd8 21. Qg3
Rc8 22. h4 g6 23. h5 Bg7 24. hxg6 hxg6 25. Bh3 Qb6 26. Ne4 dxe4 27. Rxd7 Qxb2
28. Be3 Bd5 29. Rd1 Qxa3 30. R7xd5 exd5 31. Bxc8 Rxc8 32. Rxd5 Qb4 33. Qg4 Qc4
34. Qd1 Bf8 35. Rd8 Rxd8 36. Qxd8 Qb4 37. Bd2 Qb1+ 38. Kg2 Qd1 39. Qa5 Bc5 40.
Qxc5 Qxd2 41. Qe5 Qe2 42. Qe8+ Kg7 43. Qe5+ Kh7 44. Kg1 Qg4+ 45. Kf1 Qf5 46.
Qh2+ Kg7 47. Qg3 a5 48. Qc3+ Kg8 49. Qd2 a4 50. Qb4 e3 51. f4 Qc2 0-1

[Event "Gibtelecom Masters 2nd"]
[Site "Gibraltar"]
[Date "2004.02.03"]
[Round "8.21"]
[White "Fossum, Oystein Boyum"]
[Black "Ward, Chris"]
[Result "0-1"]
[WhiteElo "2126"]
[BlackElo "2522"]
[PlyCount "56"]
[EventDate "2004.01.27"]
[EventType "swiss"]
[EventRounds "10"]
[EventCountry "GGB"]
[SourceTitle "BritBase"]
[Source "www.saund.co.uk"]
[SourceDate "2018.02.10"]
[SourceVersion "1"]
[SourceVersionDate "2018.02.10"]
[SourceQuality "1"]

1. c4 b6 2. Nc3 Bb7 3. e4 e6 4. g3 f5 5. Bg2 Nf6 6. d3 fxe4 7. Nge2 Nc6 8. dxe4
Ne5 9. b3 Bc5 10. O-O O-O 11. h3 Qe8 12. Nf4 g5 13. Nd3 Bd4 14. Bb2 Nxd3 15.
Qxd3 c5 16. Na4 e5 17. Bxd4 exd4 18. Rae1 d6 19. f4 gxf4 20. gxf4 Qg6 21. Kh2
Kh8 22. Nb2 Rae8 23. f5 Qg5 24. Re2 Qh4 25. Qg3 Qxg3+ 26. Kxg3 Rg8+ 27. Kf4
Nh5+ 28. Kf3 Ng3 0-1

[Event "Gibtelecom Masters 2nd"]
[Site "Gibraltar"]
[Date "2004.02.03"]
[Round "8.22"]
[White "Mannion, Stephen R"]
[Black "Arakhamia-Grant, Ketevan"]
[Result "0-1"]
[WhiteElo "2352"]
[BlackElo "2435"]
[PlyCount "76"]
[EventDate "2004.01.27"]
[EventType "swiss"]
[EventRounds "10"]
[EventCountry "GGB"]
[SourceTitle "BritBase"]
[Source "www.saund.co.uk"]
[SourceDate "2018.02.10"]
[SourceVersion "1"]
[SourceVersionDate "2018.02.10"]
[SourceQuality "1"]

1. d4 Nf6 2. Nf3 g6 3. Bg5 Bg7 4. Nbd2 d5 5. e3 c5 6. c3 Nbd7 7. Be2 O-O 8. O-O
Re8 9. a4 e5 10. a5 h6 11. Bh4 e4 12. Ne1 cxd4 13. cxd4 Nf8 14. Nc2 g5 15. Bg3
Ng6 16. Nb4 Bf8 17. Qb3 a6 18. Rfc1 g4 19. Nb1 h5 20. Bc7 Qd7 21. Bb6 Qf5 22.
Nc3 Be6 23. Na4 h4 24. Bc7 Rac8 25. Nb6 Rxc7 26. Rxc7 Bd6 27. Rc2 g3 28. fxg3
hxg3 29. h3 Nh4 30. Rf1 Qg5 31. Bd1 Kg7 32. Na2 Rh8 33. Re1 Nxg2 34. Rxg2 Rxh3
35. Qc2 Qh4 36. Kf1 Rh1+ 37. Ke2 Rxe1+ 38. Kd2 Qh1 0-1

[Event "Gibtelecom Masters 2nd"]
[Site "Gibraltar"]
[Date "2004.02.03"]
[Round "8.26"]
[White "Seel, Christian"]
[Black "Bolt, Graham"]
[Result "1-0"]
[WhiteElo "2380"]
[BlackElo "2095"]
[PlyCount "55"]
[EventDate "2004.01.27"]
[EventType "swiss"]
[EventRounds "10"]
[EventCountry "GGB"]
[SourceTitle "BritBase"]
[Source "www.saund.co.uk"]
[SourceDate "2018.02.10"]
[SourceVersion "1"]
[SourceVersionDate "2018.02.10"]
[SourceQuality "1"]

1. Nf3 d5 2. d4 Nf6 3. c4 c6 4. e3 e6 5. Bd3 Be7 6. O-O O-O 7. Nbd2 Nbd7 8. e4
dxe4 9. Nxe4 Nxe4 10. Bxe4 Nf6 11. Bc2 c5 12. Qd3 cxd4 13. Bg5 g6 14. Rad1 e5
15. Nxe5 Bf5 16. Qe2 Bxc2 17. Qxc2 Qc7 18. Nf3 Rfd8 19. Qe2 Qc5 20. Rfe1 Rd7
21. Qe5 Qb6 22. c5 Qa6 23. Rxd4 Rxd4 24. Nxd4 h6 25. c6 hxg5 26. Qxe7 Nd5 27.
cxb7 Rf8 28. Qxf8+ 1-0

[Event "Gibtelecom Masters 2nd"]
[Site "Gibraltar"]
[Date "2004.02.03"]
[Round "8.27"]
[White "Meenakshi, Subbaraman"]
[Black "Milligan, Helen"]
[Result "0-1"]
[WhiteElo "2328"]
[BlackElo "2076"]
[PlyCount "112"]
[EventDate "2004.01.27"]
[EventType "swiss"]
[EventRounds "10"]
[EventCountry "GGB"]
[SourceTitle "BritBase"]
[Source "www.saund.co.uk"]
[SourceDate "2018.02.10"]
[SourceVersion "1"]
[SourceVersionDate "2018.02.10"]
[SourceQuality "1"]

1. d4 Nf6 2. c4 e6 3. a3 c5 4. Nf3 b6 5. Nc3 Bb7 6. dxc5 bxc5 7. Bf4 a6 8. Qb3
Bxf3 9. gxf3 Nc6 10. e3 Nh5 11. Bg3 Nxg3 12. hxg3 Rb8 13. Qc2 Be7 14. f4 Bf6
15. Rb1 Qa5 16. Bd3 Rxb2 17. Rxb2 Qxc3+ 18. Qxc3 Bxc3+ 19. Rd2 Bxd2+ 20. Kxd2
Ke7 21. Kc3 h6 22. Be4 Kd6 23. g4 Rb8 24. Bc2 Ke7 25. Ba4 Rb6 26. g5 hxg5 27.
fxg5 d5 28. Rh7 g6 29. Rh8 Rb8 30. Rh1 Ne5 31. cxd5 exd5 32. Rd1 Rd8 33. Bb3 c4
34. Ba2 Nf3 35. e4 dxe4 36. Rxd8 Kxd8 37. Bxc4 Nxg5 38. Bxa6 Nh3 39. Kd4 Nxf2
40. Ke3 Nd3 41. Bc4 Ne5 42. Bd5 f5 43. a4 Kc7 44. a5 Kd6 45. Bg8 Kc5 46. Bh7
Kb5 47. Kf4 Kxa5 48. Bg8 Kb4 49. Bd5 Kc3 50. Bxe4 fxe4 51. Kxe4 Nf7 52. Kd5 g5
53. Ke4 Kc4 54. Kf5 Kd4 55. Kg4 Ke4 56. Kh5 Kf4 0-1

[Event "Gibtelecom Masters 2nd"]
[Site "Gibraltar"]
[Date "2004.02.03"]
[Round "8.28"]
[White "Vinas Guerrero, Carlos A"]
[Black "Mohota, Nisha"]
[Result "0-1"]
[WhiteElo "2098"]
[BlackElo "2337"]
[PlyCount "75"]
[EventDate "2004.01.27"]
[EventType "swiss"]
[EventRounds "10"]
[EventCountry "GGB"]
[SourceTitle "BritBase"]
[Source "www.saund.co.uk"]
[SourceDate "2018.02.10"]
[SourceVersion "1"]
[SourceVersionDate "2018.02.10"]
[SourceQuality "1"]

1. e4 c5 2. Nc3 Nc6 3. f4 g6 4. Nf3 Bg7 5. Bb5 Nd4 6. Bd3 d6 7. Nxd4 cxd4 8.
Ne2 Nf6 9. Nxd4 Nxe4 10. Bxe4 Bxd4 11. c3 Bf6 12. d4 d5 13. Bd3 Bf5 14. Bb5+
Kf8 15. O-O h5 16. Be3 Kg7 17. Rf2 a6 18. Bd3 Bxd3 19. Qxd3 e6 20. a4 Qd7 21.
h3 Rhc8 22. g3 b5 23. b3 b4 24. Rc2 Qb7 25. Rac1 bxc3 26. Rxc3 Rcb8 27. Kf2 Qb4
28. Ra1 a5 29. Ra2 Rb7 30. Ra1 Rab8 31. Ra2 Qd6 32. Bc1 h4 33. Ba3 hxg3+ 34.
Kxg3 Rb4 35. Rd2 g5 36. Kg2 Qxf4 37. Bxb4 Rxb4 38. Rf2 0-1

[Event "Gibtelecom Masters 2nd"]
[Site "Gibraltar"]
[Date "2004.02.03"]
[Round "8.29"]
[White "Swathi, Ghate"]
[Black "Hagesaether, Arne"]
[Result "1-0"]
[WhiteElo "2297"]
[BlackElo "2058"]
[PlyCount "65"]
[EventDate "2004.01.27"]
[EventType "swiss"]
[EventRounds "10"]
[EventCountry "GGB"]
[SourceTitle "BritBase"]
[Source "www.saund.co.uk"]
[SourceDate "2018.02.10"]
[SourceVersion "1"]
[SourceVersionDate "2018.02.10"]
[SourceQuality "1"]

1. e4 c6 2. d4 d5 3. Nd2 dxe4 4. Nxe4 Bf5 5. Ng3 Bg6 6. h4 h6 7. Nf3 e6 8. h5
Bh7 9. Bd3 Bxd3 10. Qxd3 Nd7 11. Bd2 Ngf6 12. O-O-O Be7 13. Kb1 Qc7 14. Ne4
Nxe4 15. Qxe4 Nf6 16. Qe2 c5 17. dxc5 Qxc5 18. Ne5 Rc8 19. Bc3 Nd5 20. Bd4 Qa5
21. c4 Nf6 22. g4 Bc5 23. Bc3 Bb4 24. Bxb4 Qxb4 25. f4 Rc7 26. g5 Nd7 27. g6
Nxe5 28. Qxe5 Qxc4 29. Qxg7 Rf8 30. Rd8+ Kxd8 31. Qxf8+ Kd7 32. Rd1+ Kc6 33.
Rc1 1-0

[Event "Gibtelecom Masters 2nd"]
[Site "Gibraltar"]
[Date "2004.02.03"]
[Round "8.34"]
[White "Heyl, Thomas"]
[Black "Cardenas Romo, Alejandro"]
[Result "1-0"]
[WhiteElo "2059"]
[BlackElo "1911"]
[PlyCount "117"]
[EventDate "2004.01.27"]
[EventType "swiss"]
[EventRounds "10"]
[EventCountry "GGB"]
[SourceTitle "BritBase"]
[Source "www.saund.co.uk"]
[SourceDate "2018.02.10"]
[SourceVersion "1"]
[SourceVersionDate "2018.02.10"]
[SourceQuality "1"]

1. d4 d6 2. Nf3 Nf6 3. Bg5 g6 4. Nbd2 Bg7 5. e4 Na6 6. c3 O-O 7. Bc4 c5 8. O-O
Nc7 9. dxc5 dxc5 10. Qe2 Ne6 11. Be3 b6 12. Ng5 Nxg5 13. Bxg5 e5 14. f3 Qe7 15.
Rfd1 Be6 16. Nf1 h6 17. Bxf6 Qxf6 18. Ne3 Qg5 19. Bxe6 fxe6 20. Rd7 Rfd8 21.
Rad1 h5 22. Nf1 a5 23. Qc4 Rxd7 24. Rxd7 Rd8 25. Qxe6+ Kh7 26. Qe7 Qxe7 27.
Rxe7 Rd1 28. Rb7 c4 29. Kf2 Rc1 30. Ne3 h4 31. h3 a4 32. a3 b5 33. Ke2 Rg1 34.
Rxb5 Bh6 35. Rb7+ Kg8 36. Rb4 Bxe3 37. Kxe3 Rxg2 38. Rxa4 Rg3 39. Rxc4 Rxh3 40.
Rc8+ Kg7 41. Rd8 Rh2 42. Rd1 Rxb2 43. Ra1 g5 44. a4 h3 45. a5 h2 46. a6 Ra2 47.
Rh1 Rxa6 48. Rxh2 Rd6 49. c4 Kf7 50. c5 Rg6 51. Rc2 Ke7 52. Kd3 Kd7 53. Kc4 g4
54. fxg4 Rxg4 55. Kd5 Rg8 56. Ra2 Rc8 57. Ra7+ Ke8 58. Rh7 Rd8+ 59. Ke6 1-0

[Event "Gibtelecom Masters 2nd"]
[Site "Gibraltar"]
[Date "2004.02.03"]
[Round "8.35"]
[White "Agdestein, Emil"]
[Black "Rios Gonzalez, Jose Antonio"]
[Result "1-0"]
[WhiteElo "1999"]
[BlackElo "1883"]
[PlyCount "51"]
[EventDate "2004.01.27"]
[EventType "swiss"]
[EventRounds "10"]
[EventCountry "GGB"]
[SourceTitle "BritBase"]
[Source "www.saund.co.uk"]
[SourceDate "2018.02.10"]
[SourceVersion "1"]
[SourceVersionDate "2018.02.10"]
[SourceQuality "1"]

1. e4 c5 2. Nc3 e6 3. f4 d5 4. Nf3 Nf6 5. Bb5+ Nc6 6. d3 Be7 7. O-O O-O 8. Qe1
Nd4 9. Nxd4 cxd4 10. Nd1 a6 11. Ba4 b5 12. Bb3 dxe4 13. dxe4 d3 14. e5 Nd7 15.
f5 Nc5 16. f6 gxf6 17. Bh6 Kh8 18. exf6 Bxf6 19. Rxf6 Qxf6 20. Bxf8 Nxb3 21.
cxb3 Bb7 22. Bb4 Rg8 23. Ne3 Qg6 24. Bc3+ f6 25. Qf2 e5 26. Rf1 1-0

[Event "Gibtelecom Masters 2nd"]
[Site "Gibraltar"]
[Date "2004.02.03"]
[Round "8.37"]
[White "Vea, Odin Blikra"]
[Black "Eliassen, Erik"]
[Result "1-0"]
[WhiteElo "2053"]
[BlackElo "1956"]
[PlyCount "37"]
[EventDate "2004.01.27"]
[EventType "swiss"]
[EventRounds "10"]
[EventCountry "GGB"]
[SourceTitle "BritBase"]
[Source "www.saund.co.uk"]
[SourceDate "2018.02.10"]
[SourceVersion "1"]
[SourceVersionDate "2018.02.10"]
[SourceQuality "1"]

1. e4 e6 2. d4 d5 3. e5 c5 4. c3 Nc6 5. Nf3 Bd7 6. a3 c4 7. g3 Na5 8. Nbd2 Bc6
9. Bh3 Qd7 10. O-O Ba4 11. Qe2 Bc2 12. Nxc4 Nb3 13. Nd6+ Bxd6 14. exd6 Nxa1 15.
Ne5 Qa4 16. Nxf7 Kxf7 17. Bxe6+ Kf8 18. Qf3+ Nf6 19. Bh6 1-0

[Event "Gibtelecom Masters 2nd"]
[Site "Gibraltar"]
[Date "2004.02.04"]
[Round "9.3"]
[White "Ganguly, Surya Shekhar"]
[Black "Rowson, Jonathan"]
[Result "1-0"]
[WhiteElo "2541"]
[BlackElo "2547"]
[PlyCount "103"]
[EventDate "2004.01.27"]
[EventType "swiss"]
[EventRounds "10"]
[EventCountry "GGB"]
[SourceTitle "BritBase"]
[Source "www.saund.co.uk"]
[SourceDate "2018.02.10"]
[SourceVersion "1"]
[SourceVersionDate "2018.02.10"]
[SourceQuality "1"]

1. e4 c5 2. Nf3 d6 3. d4 cxd4 4. Nxd4 Nf6 5. Nc3 a6 6. Be2 e5 7. Nb3 Be7 8. O-O
O-O 9. Kh1 b6 10. a4 Bb7 11. f3 Nc6 12. Bg5 Rc8 13. Bxf6 Bxf6 14. Nd5 Ne7 15.
Nxf6+ gxf6 16. c4 f5 17. Qd3 Ng6 18. exf5 Nf4 19. Qe3 Qf6 20. Rfd1 d5 21. cxd5
Rc2 22. Rd2 Nxd5 23. Qf2 Rxd2 24. Nxd2 Qxf5 25. Nc4 Qf6 26. Re1 Re8 27. Bd3 Nf4
28. Be4 Bxe4 29. Rxe4 Re6 30. Qg3+ Ng6 31. h3 h5 32. Qf2 Nf4 33. Kh2 h4 34. Ne3
Qg5 35. Rc4 Rg6 36. Ng4 f5 37. Rc8+ Kh7 38. Rc7+ Kh8 39. Rc8+ Kg7 40. Qd2 Qe7
41. Ne3 Qf7 42. Qc2 Kh6 43. Rc7 Qg8 44. Nxf5+ Kh5 45. Ne3 e4 46. Ng4 Nd3 47.
fxe4 Qb8 48. e5 Qd8 49. Rh7+ Kg5 50. Qd2+ Kf5 51. Rf7+ Ke6 52. Rf3 1-0

[Event "Gibtelecom Masters 2nd"]
[Site "Gibraltar"]
[Date "2004.02.04"]
[Round "9.4"]
[White "Motwani, Paul"]
[Black "Kunte, Abhijit"]
[Result "1/2-1/2"]
[WhiteElo "2537"]
[BlackElo "2512"]
[PlyCount "43"]
[EventDate "2004.01.27"]
[EventType "swiss"]
[EventRounds "10"]
[EventCountry "GGB"]
[SourceTitle "BritBase"]
[Source "www.saund.co.uk"]
[SourceDate "2018.02.10"]
[SourceVersion "1"]
[SourceVersionDate "2018.02.10"]
[SourceQuality "1"]

1. Nf3 Nf6 2. g3 d5 3. Bg2 e6 4. O-O Be7 5. c4 O-O 6. d4 dxc4 7. Qc2 a6 8. a4
Bd7 9. Qxc4 Bc6 10. Bg5 a5 11. Nc3 Na6 12. Bxf6 Bxf6 13. e4 Nb4 14. Rfd1 g6 15.
Rd2 Bg7 16. Rad1 Bd7 17. Ne5 Rc8 18. Nxd7 Qxd7 19. Qb5 Qxb5 20. axb5 Rfd8 21.
f4 c6 22. e5 1/2-1/2